000 00381 a2200169 4500
003 Nust
005 20170207153550.0
040 _cNust
082 _a005.1
100 _aWaqar , Aamir
245 _aDesign and Implementation of a Corporate Intranet
_cAamir Waqar
260 _aMCS
300 _a87:p
538 _aAlmirah No 69 Shelf No 5
650 _aMS Thesis
651 _aMSIS Thesis
942 _cTHS
999 _c188825
_d188825